• 首页
  • 本馆介绍
  • 公告通知
  • 最新文献
  • 馆藏检索
  • 电子资源
  • 读者导购
  • 参考咨询
  • 我的图书馆
  • 登录
  • 详细信息显示
  • 放入我的书架
  • 预约/预借图书
  • 作者相关作品
  • 分类相关作品
  • 丛书相关作品
  • 出版社相关作品

书目信息

  • 表格格式
  • 工作单格式
  • 卡片格式
题名:
聚乙烯醇纤维
    
 
作者: 赵寰 主编
分册:  
出版信息: 北京   化学工业出版社  2014.4
页数: 317页
开本: 24cm
丛书名: 合成纤维及应用丛书
单 册:
中图分类: TQ342
科图分类:
主题词: 聚乙烯醇纤维--基本知识 , 聚乙烯醇纤维
电子资源:
ISBN: 978-7-122-18577-8
000 00896nam0 2200277 450
001 0400002399
005 20171021092719.0
010    @a978-7-122-18577-8@dCNY98.00
090    @aTQ342@bzh
100    @a20140429e2014 em y0chiy50 ea
101 0  @achi
102    @aCN@b110000
105    @aa z 000yy
106    @ar
200 1  @a聚乙烯醇纤维@9ju yi xi chun xian wei@f赵寰主编
210    @a北京@c化学工业出版社@d2014.4
215    @a317页@c图,照片@d24cm
225 1  @a合成纤维及应用丛书
330    @a本书主要对聚乙烯醇纤维的原料、聚乙烯醇纤维的制造、聚乙烯醇纤维的结构与性能、聚乙烯醇纤维的改性、聚乙烯醇纤维的应用以及生产的健康、安全与环保等进行了介绍。
461  0 @12001 @a合成纤维及应用丛书
606 0  @a聚乙烯醇纤维@x基本知识
606 0  @a聚乙烯醇纤维
690    @aTQ342@v5
701  0 @a赵寰@9zhao huan@4主编
801  0 @aCN@bNLC@c20171021
905    @b1022089-93@dTQ342@f5@e19
    
    聚乙烯醇纤维/赵寰主编.-北京:化学工业出版社,2014.4
    317页:图,照片;24cm.-(合成纤维及应用丛书)
    
    
    ISBN 978-7-122-18577-8:CNY98.00
    本书主要对聚乙烯醇纤维的原料、聚乙烯醇纤维的制造、聚乙烯醇纤维的结构与性能、聚乙烯醇纤维的改性、聚乙烯醇纤维的应用以及生产的健康、安全与环保等进行了介绍。
●
相关链接 在E读中查询图书 在五车中查询图书 在当当中查询图书 在豆瓣中查询图书


正题名:聚乙烯醇纤维     索取号:TQ342/19         预约/预借

序号 登录号 条形码 馆藏地/架位号 状态 备注
1 1022089   210220893   第二样本阅览室/ [索取号:TQ342/19] 在馆    
2 1022090   210220900   密集书库-化学系/ [索取号:TQ342/19] 在馆    
3 1022091   210220919   第三借阅区/ [索取号:TQ342/19] 在馆    
4 1022092   210220928   第三借阅区/ [索取号:TQ342/19] 在馆    
5 1022093   210220937   第三借阅区/ [索取号:TQ342/19] 在馆    
唐山师范学院图书馆 欢迎您!
大连网信软件有限公司© 版权所有